[Event "USCL Week 4"]
[Site "Internet Chess Club"]
[Date "2015.09.15"]
[Round "?"]
[White "Bartholomew, John"]
[Black "Vazquez, Guillermo"]
[Result "1/2-1/2"]
[WhiteElo "2555"]
[BlackElo "2546"]
[PlyCount "119"]
[EventDate "2015.??.??"]

1. Nf3 Nf6 2. c4 e6 3. Nc3 Bb4 4. g4 O-O 5. g5 Ne8 6. Qc2 d5 7. b3 c5 8. Bb2
Bxc3 9. dxc3 dxc4 10. e3 cxb3 11. axb3 f5 12. gxf6 Qxf6 13. Be2 e5 14. Qe4 Nc6
15. c4 Bf5 16. Qh4 Rd8 17. Qxf6 gxf6 18. Rg1+ Kh8 19. Bc3 b6 20. Nh4 Be4 21. f4
exf4 22. exf4 a5 23. Rd1 Rxd1+ 24. Bxd1 Ng7 25. Kf2 Nf5 26. Bf3 Nxh4 27. Bxe4
Nd4 28. Bxd4 cxd4 29. b4 axb4 30. Rb1 f5 31. Bd5 Ng6 32. Rxb4 Rf6 33. Kg3 Rd6
34. Bf3 Kg7 35. Rb5 Kf6 36. c5 bxc5 37. Rxc5 d3 38. Rc4 d2 39. Bd1 Re6 40. Rd4
Re4 41. Rxd2 Nxf4 42. Bf3 Rb4 43. Rd6+ Kg7 44. Rd7+ Kh6 45. Rf7 Kg6 46. Rd7 Kh6
47. Rf7 Kg6 48. Rd7 Kg5 49. Rxh7 Ng6 50. Rc7 Rb3 51. Kf2 Ne5 52. Be2 f4 53. Rc5
Kf5 54. Ra5 Rb2 55. h4 f3 56. Rxe5+ Kxe5 57. Kxf3 Rb3+ 58. Kg4 Rb4+ 59. Kg5
Rxh4 60. Kxh4 1/2-1/2

[Event "USCL Week 4"]
[Site "Internet Chess Club"]
[Date "2015.09.15"]
[Round "?"]
[White "Tang, Andrew"]
[Black "Ruiz, Joshua"]
[Result "1/2-1/2"]
[WhiteElo "2475"]
[BlackElo "2491"]
[PlyCount "156"]
[EventDate "2015.??.??"]

1. d4 Nf6 2. c4 e6 3. Nc3 Bb4 4. Qc2 O-O 5. a3 Bxc3+ 6. Qxc3 b6 7. Bg5 Bb7 8.
e3 d6 9. Ne2 Nbd7 10. Qc2 h6 11. Bh4 Qe8 12. Rd1 Ne4 13. f3 Ng5 14. Bg3 f5 15.
h4 Nh7 16. Bf2 e5 17. d5 Nhf6 18. Nc3 Bc8 19. Nb5 Qd8 20. Qxf5 e4 21. Nd4 Ne5
22. Ne6 Qe8 23. f4 Neg4 24. h5 c6 25. Be2 Nxf2 26. Kxf2 Rf7 27. Qg6 Bxe6 28.
dxe6 Qxe6 29. Rd2 Rd8 30. Rhd1 Rc7 31. g4 d5 32. Kg2 Re7 33. g5 hxg5 34. fxg5
Nh7 35. Qxe6+ Rxe6 36. cxd5 Red6 37. Rd4 cxd5 38. Bc4 Nxg5 39. Rxd5 Rxd5 40.
Rxd5 Rxd5 41. Bxd5+ Kh7 42. Kg3 Kh6 43. Kh4 Nf3+ 44. Kg4 Ne5+ 45. Kf5 Nd3 46.
Kxe4 Nxb2 47. Bf7 Kg5 48. Kd4 Nd1 49. e4 Kf6 50. Bg6 Nf2 51. Bf5 Nh1 52. Kd5
Ng3 53. Bg4 Nf1 54. Kd6 Ne3 55. e5+ Kf7 56. Be2 Nf5+ 57. Kd7 Ne7 58. Bc4+ Kf8
59. Kc7 Ke8 60. Bb5+ Kf7 61. Kd7 Kf8 62. Bc4 Nf5 63. a4 Nh6 64. e6 Nf5 65. Bd3
Ne7 66. Be4 Ng8 67. Bf3 Nf6+ 68. Kd8 Ng8 69. Bg2 Ne7 70. Be4 Ng8 71. Bf3 Ne7
72. Be2 Nd5 73. Bc4 Ne7 74. Kc7 Nf5 75. Bd3 Ne7 76. Bc4 Nf5 77. Kd8 Ne7 78. Kc7
Nf5 1/2-1/2

[Event "USCL Week 4"]
[Site "Internet Chess Club"]
[Date "2015.09.16"]
[Round "?"]
[White "Xiong, Jeffery"]
[Black "Moradiabadi, Elshan"]
[Result "0-1"]
[WhiteElo "2616"]
[BlackElo "2647"]
[PlyCount "88"]
[EventDate "2015.??.??"]

1. d4 e6 2. c4 Bb4+ 3. Nc3 Nf6 4. Qc2 b6 5. e4 c5 6. a3 Bxc3+ 7. bxc3 Bb7 8.
Bd3 b5 9. Qb1 cxd4 10. cxd4 bxc4 11. Qxb7 cxd3 12. Qxa8 Qb6 13. Nf3 O-O 14. O-O
Nc6 15. Qxf8+ Kxf8 16. d5 exd5 17. exd5 Nxd5 18. Bd2 Qa6 19. Rfe1 f6 20. h3 Kf7
21. Kh2 g5 22. Re4 Qb6 23. Kg1 h5 24. Kf1 Qb2 25. Rae1 Qxa3 26. Rb1 Nb6 27. Kg1
Qa2 28. Rc1 Qd5 29. Ree1 g4 30. hxg4 hxg4 31. Nh2 Nc4 32. Rcd1 Nd4 33. Nxg4
Nxd2 34. Rxd2 Qg5 35. Re3 Qxg4 36. Rexd3 Ne2+ 37. Kf1 Nf4 38. Rxd7+ Kg6 39. f3
Qh4 40. Rd8 Qh1+ 41. Kf2 Qxg2+ 42. Ke3 Qg1+ 43. Kxf4 Qg5+ 44. Ke4 f5+ 0-1

[Event "USCL Week 4"]
[Site "Internet Chess Club"]
[Date "2015.09.16"]
[Round "?"]
[White "Ramachandran, Karthik"]
[Black "Foisor, Sabina"]
[Result "1-0"]
[WhiteElo "2215"]
[BlackElo "2358"]
[PlyCount "73"]
[EventDate "2015.??.??"]

1. d4 Nf6 2. c4 e6 3. Nc3 Bb4 4. e3 O-O 5. Nge2 Re8 6. a3 Bf8 7. Nf4 d5 8. Qf3
c6 9. h3 Nbd7 10. cxd5 exd5 11. Bd3 Qe7 12. O-O Nb6 13. Bd2 Ne4 14. Qd1 Bf5 15.
Nxe4 Bxe4 16. Bb4 Qh4 17. Bxf8 Kxf8 18. Bxe4 Rxe4 19. a4 Nc4 20. Qb3 Qe7 21.
Qc2 g5 22. Nh5 Kg8 23. Ng3 Re6 24. e4 Rxe4 25. Nxe4 Qxe4 26. Qb3 Nd2 27. Qxb7
Re8 28. Rfd1 Qxd4 29. Qxc6 Re2 30. Qc8+ Kg7 31. Qc3 Qxc3 32. bxc3 f5 33. Re1
Rxe1+ 34. Rxe1 Kf6 35. Rd1 Ne4 36. Rxd5 Nxc3 37. Ra5 1-0

[Event "USCL Week 4"]
[Site "Internet Chess Club"]
[Date "2015.09.16"]
[Round "?"]
[White "Balakrishnan, Praveen"]
[Black "Studen, Damir"]
[Result "1-0"]
[WhiteElo "2422"]
[BlackElo "2344"]
[PlyCount "103"]
[EventDate "2015.??.??"]

1. e4 d5 2. exd5 Qxd5 3. Nc3 Qd6 4. d4 c6 5. Nf3 Bg4 6. h3 Bh5 7. g4 Bg6 8. Ne5
Nd7 9. Nxg6 hxg6 10. Be3 e5 11. Qe2 O-O-O 12. O-O-O Ngf6 13. Bg2 exd4 14. Rxd4
Qe6 15. g5 Nh5 16. h4 f5 17. gxf6 gxf6 18. Re4 Qf7 19. Bxa7 f5 20. Rc4 Bh6+ 21.
Kb1 Nb8 22. Qe5 Nd7 23. Qb5 Nb8 24. Bxb8 Kxb8 25. Rxc6 Bg7 26. Rb6 Rd7 27. Bd5
Qe7 28. Bc6 Rhd8 29. Bxd7 Rxd7 30. a4 Bxc3 31. bxc3 Nf4 32. Qb4 Qe5 33. Qf8+
Kc7 34. Rb5 Qe4 35. Qc5+ Kd8 36. Qb6+ Kc8 37. Rc1 Ne2 38. Qc5+ Kd8 39. Rb4 Qc6
40. Qxc6 bxc6 41. Re1 Nxc3+ 42. Kb2 Nd1+ 43. Kb3 Nxf2 44. Re6 c5 45. Rb8+ Kc7
46. Rb5 Ne4 47. Rxg6 Rd1 48. Kb2 Rh1 49. a5 c4 50. a6 c3+ 51. Ka2 Nd6 52. Rxd6
1-0

[Event "USCL Week 4"]
[Site "Internet Chess Club"]
[Date "2015.09.16"]
[Round "?"]
[White "Francisco, Richard"]
[Black "Benjamin, Joel"]
[Result "0-1"]
[WhiteElo "2391"]
[BlackElo "2629"]
[PlyCount "78"]
[EventDate "2015.??.??"]

1. e4 g6 2. d4 Bg7 3. Nc3 c6 4. Nf3 d5 5. h3 dxe4 6. Nxe4 Nd7 7. Bc4 Nb6 8. Bb3
Nh6 9. O-O Nf5 10. c3 a5 11. Re1 O-O 12. Bf4 a4 13. Bc2 Nd5 14. Be5 a3 15. b4
Bh6 16. Bb3 Nd6 17. Nfd2 Bf5 18. Qf3 Nb5 19. c4 f6 20. Bxf6 Bxe4 21. Qxe4 Bxd2
22. Be5 Nbc3 23. Qd3 Bxe1 24. Rxe1 b5 25. Rc1 Nxa2 26. Bxa2 Nxb4 27. cxb5+ Nxa2
28. Rxc6 Rf7 29. Rxg6+ Kf8 30. Ra6 Nb4 31. Qd2 Rxa6 32. bxa6 a2 33. d5 Qb6 34.
d6 exd6 35. Bxd6+ Ke8 36. Qe1+ Kd7 37. Bxb4 Qxf2+ 38. Qxf2 Rxf2 39. Bc3 Rf8 0-1

[Event "USCL Week 4"]
[Site "Internet Chess Club"]
[Date "2015.09.16"]
[Round "?"]
[White "Cheng, Xiao"]
[Black "Klein, Ethan"]
[Result "0-1"]
[WhiteElo "2323"]
[BlackElo "2053"]
[PlyCount "108"]
[EventDate "2015.??.??"]

1. e4 e6 2. b3 d5 3. exd5 exd5 4. Bb2 Nf6 5. Nf3 Bd6 6. Be2 O-O 7. O-O c5 8. c4
d4 9. d3 Nc6 10. Na3 a6 11. Nc2 Re8 12. Re1 b6 13. b4 h6 14. Rb1 Bf5 15. Ba3
Rb8 16. bxc5 bxc5 17. Rxb8 Qxb8 18. Na1 a5 19. Nb3 Nb4 20. Nxa5 Nxa2 21. Qb3
Nc3 22. Qxb8 Nxe2+ 23. Rxe2 Rxb8 24. Nc6 Bxd3 25. Nxb8 Bxe2 26. Nxd4 Bxc4 27.
Nf5 Bxb8 28. Bxc5 Be6 29. Ne7+ Kh7 30. Nc6 Bc7 31. h3 Bd7 32. Nb4 g5 33. Bd4
Bd6 34. Nd3 Kg6 35. Ne1 Bc6 36. Nc2 Nd5 37. g3 h5 38. Ba7 Nf6 39. Be3 Be4 40.
Na1 Nd5 41. Bd4 Kf5 42. Nb3 Bb4 43. Nc1 Bf3 44. Bb2 Ke4 45. Nb3 Kd3 46. Nd4 Be4
47. Nc6 Bd6 48. Bc1 Nc3 49. Bxg5 Bxc6 50. g4 hxg4 51. h4 Ne4 52. Bd8 Bc5 53. h5
Bxf2+ 54. Kg2 Be3 0-1

[Event "USCL Week 4"]
[Site "Internet Chess Club"]
[Date "2015.09.16"]
[Round "?"]
[White "Stripunsky, Alex"]
[Black "Gurevich, Daniel"]
[Result "1-0"]
[WhiteElo "2661"]
[BlackElo "2449"]
[PlyCount "85"]
[EventDate "2015.??.??"]

1. d4 Nf6 2. c4 e6 3. Nc3 Bb4 4. f3 c5 5. d5 d6 6. e4 O-O 7. Nge2 b5 8. Ng3 Re8
9. Bd2 bxc4 10. Bxc4 Ba6 11. Bxa6 Nxa6 12. dxe6 fxe6 13. O-O d5 14. exd5 exd5
15. Bg5 Bxc3 16. bxc3 Nc7 17. Nh5 Re6 18. Bxf6 gxf6 19. Rb1 Qe7 20. Rb7 Kh8 21.
Nf4 Re5 22. Qd2 Re8 23. Rxa7 Qd6 24. Rb1 Re3 25. g3 d4 26. cxd4 cxd4 27. Rbb7
R8e7 28. Qa5 Rc3 29. Rb8+ Kg7 30. Qf5 Qe5 31. Qg4+ Qg5 32. Kg2 Qxg4 33. fxg4 d3
34. Rd8 Rc2+ 35. Kh3 d2 36. Ra3 Ne6 37. Nxe6+ Rxe6 38. Ra7+ Kg6 39. Rg8+ Kh6
40. Ra5 Re5 41. Rxe5 fxe5 42. g5+ Kh5 43. g4# 1-0

[Event "USCL Week 4"]
[Site "Internet Chess Club"]
[Date "2015.09.16"]
[Round "?"]
[White "Lee, Michael"]
[Black "Ramirez, Alejandro"]
[Result "1/2-1/2"]
[WhiteElo "2503"]
[BlackElo "2670"]
[PlyCount "51"]
[EventDate "2015.??.??"]

1. c4 c6 2. e4 d5 3. cxd5 cxd5 4. exd5 Nf6 5. Nc3 Nxd5 6. Nf3 Nc6 7. Bc4 Nb6 8.
Bb5 g6 9. d4 Bg7 10. O-O O-O 11. Be3 Bg4 12. h3 Bxf3 13. Qxf3 Nxd4 14. Qxb7
Nxb5 15. Nxb5 Nc4 16. Bxa7 Bxb2 17. Rad1 Qa5 18. Rd7 Bf6 19. Rc1 Ne5 20. Rdc7
Qxa2 21. Nc3 Qxa7 22. Qxa7 Rxa7 23. Rxa7 Nd3 24. Rd1 Nb2 25. Rc1 Nd3 26. Rd1
1/2-1/2

[Event "USCL Week 4"]
[Site "Internet Chess Club"]
[Date "2015.09.16"]
[Round "?"]
[White "Baryshpolets, Andrey"]
[Black "Li, Ruifeng"]
[Result "1/2-1/2"]
[WhiteElo "2608"]
[BlackElo "2502"]
[PlyCount "70"]
[EventDate "2015.??.??"]

1. e4 c5 2. Nf3 d6 3. d4 cxd4 4. Nxd4 Nf6 5. Nc3 a6 6. h3 e6 7. g4 Nfd7 8. g5
Nc6 9. Be3 Be7 10. h4 O-O 11. Rg1 d5 12. exd5 exd5 13. Qd2 Nde5 14. Be2 Bb4 15.
a3 Qa5 16. O-O-O Bxc3 17. Qxc3 Qxc3 18. bxc3 Na5 19. Nb3 Nac4 20. Rxd5 Be6 21.
Rc5 b6 22. Rc7 Nxa3 23. Bxb6 Nb5 24. Bxb5 axb5 25. Rg3 Nc4 26. Bd4 Rfe8 27. Ra7
Rxa7 28. Bxa7 Bf5 29. Be3 Ra8 30. Rf3 g6 31. Kb1 Na3+ 32. Kb2 Nc4+ 33. Kb1 Na3+
34. Kb2 Nc4+ 35. Kb1 Na3+ 1/2-1/2

[Event "USCL Week 4"]
[Site "Internet Chess Club"]
[Date "2015.09.16"]
[Round "?"]
[White "Rosenthal, Nicholas"]
[Black "Golub, David"]
[Result "0-1"]
[WhiteElo "2162"]
[BlackElo "2321"]
[PlyCount "66"]
[EventDate "2015.??.??"]

1. e4 c5 2. Nf3 d6 3. c3 Nf6 4. h3 Nc6 5. Bd3 g5 6. Nxg5 Rg8 7. f4 h6 8. h4
hxg5 9. hxg5 Bg4 10. Qb3 Na5 11. Qa4+ Bd7 12. Qc2 Ng4 13. Be2 e5 14. g3 c4 15.
Qd1 exf4 16. gxf4 Ne5 17. b4 Nac6 18. b5 Na5 19. fxe5 Qxg5 20. Qa4 Qg2 21. Rf1
Bg4 22. b6+ Kd8 23. Rf2 Qh1+ 24. Rf1 Qh4+ 25. Kd1 Bxe2+ 26. Kxe2 Qh5+ 27. Kf2
Nc6 28. Qxc4 Nxe5 29. Qc7+ Ke8 30. d3 Qf3+ 31. Ke1 Nxd3+ 32. Kd2 Rg2+ 33. Rf2
Rxf2# 0-1

[Event "USCL Week 4"]
[Site "Internet Chess Club"]
[Date "2015.09.16"]
[Round "?"]
[White "Mareddy, Seetharam"]
[Black "Malhotra, Akshay"]
[Result "1/2-1/2"]
[WhiteElo "1879"]
[BlackElo "2255"]
[PlyCount "155"]
[EventDate "2015.??.??"]

1. d4 d5 2. Nf3 Nf6 3. c4 c6 4. Nc3 e6 5. Bf4 dxc4 6. a4 Bb4 7. e3 Nd5 8. Qc2
Qa5 9. Rc1 b5 10. Bg3 Nd7 11. e4 N5b6 12. axb5 cxb5 13. Be2 Bb7 14. O-O Bxc3
15. bxc3 Nf6 16. Ra1 Na4 17. Bxc4 a6 18. Qb3 O-O 19. Bd6 Rfe8 20. e5 Ne4 21.
Bb4 Qc7 22. Bd3 Qc6 23. c4 bxc4 24. Qxc4 Qxc4 25. Bxc4 Nb6 26. Bd3 Rec8 27.
Rfe1 Nc3 28. Bc5 Nd7 29. Bb4 Nd5 30. Be4 Rc4 31. Ba5 Rb8 32. Rec1 Rxc1+ 33.
Rxc1 Nf4 34. Re1 Bxe4 35. Rxe4 Nd3 36. g3 Rb1+ 37. Kg2 Rb2 38. Bd2 Nb6 39. Re3
Rb3 40. Ne1 Nc4 41. Rxd3 Rxd3 42. Nxd3 Nxd2 43. Nc5 a5 44. f4 Kf8 45. Kf2 Nc4
46. Ke2 Nb6 47. Kd3 Ke7 48. Nb7 a4 49. Nc5 a3 50. Kc3 Nd5+ 51. Kb3 Ne3 52. Ne4
Nf1 53. h3 Ne3 54. Kxa3 Nc2+ 55. Kb3 Nxd4+ 56. Kc4 Nf5 57. Kc5 h5 58. h4 f6 59.
exf6+ gxf6 60. Kc4 Nd6+ 61. Kd4 Nf5+ 62. Kc5 Kf7 63. Kc6 Ke7 64. Kc5 Ne3 65.
Kd4 Nf1 66. Kd3 f5 67. Nd2 Nxg3 68. Ke3 Kf7 69. Kf3 Ne4 70. Nxe4 fxe4+ 71. Kxe4
Kf6 72. Ke3 Kg6 73. Ke4 Kf6 74. Ke3 Kf5 75. Kf3 Kg6 76. Ke4 Kf6 77. Ke3 Kg6 78.
Ke4 1/2-1/2

[Event "USCL Week 4"]
[Site "Internet Chess Club"]
[Date "2015.09.16"]
[Round "?"]
[White "Feng, Roland"]
[Black "Eckert, Doug"]
[Result "1/2-1/2"]
[WhiteElo "2365"]
[BlackElo "2272"]
[PlyCount "82"]
[EventDate "2015.??.??"]

1. d4 f5 2. Nc3 Nf6 3. Bg5 d5 4. Bxf6 exf6 5. e3 c6 6. Bd3 Na6 7. a3 Nc7 8. h4
h5 9. Nh3 Bd6 10. Ne2 g6 11. Nhf4 Kf7 12. c4 dxc4 13. Bxc4+ Kg7 14. Qc2 Qe7 15.
Rd1 Ne6 16. O-O Nxf4 17. exf4 Qc7 18. Qd2 Bd7 19. g3 Rad8 20. Nc3 a6 21. Rfe1
Rhe8 22. Bf1 Rxe1 23. Rxe1 Re8 24. Rc1 Qa5 25. Bg2 Re7 26. Qd3 Be8 27. Qd2 Bf7
28. Bf3 Qd8 29. Ne2 Bb8 30. Qc3 Ba7 31. Rd1 Bd5 32. Kf1 Bxf3 33. Qxf3 Rd7 34.
Qd3 Rd5 35. b4 Qd7 36. Qc3 Qe6 37. Ng1 Qd7 38. Nf3 Rd6 39. Qc4 Qe6 40. Qxe6
Rxe6 41. Rd2 Rd6 1/2-1/2

[Event "USCL Week 4"]
[Site "Internet Chess Club"]
[Date "2015.09.16"]
[Round "?"]
[White "Aldama, Dionisio"]
[Black "Bhat, Vinay"]
[Result "0-1"]
[WhiteElo "2546"]
[BlackElo "2570"]
[PlyCount "130"]
[EventDate "2015.??.??"]

1. e4 e6 2. Qe2 Be7 3. Nf3 d5 4. d3 Nf6 5. g3 dxe4 6. dxe4 b6 7. Bg2 Ba6 8. c4
Nc6 9. O-O Nd4 10. Nxd4 Qxd4 11. Nd2 Rd8 12. Rb1 Bb4 13. b3 Bc3 14. e5 Qxe5 15.
Ne4 Nxe4 16. Qxe4 Qxe4 17. Bxe4 Ke7 18. Bf4 c5 19. Rfd1 h6 20. h4 f5 21. Bc6
Kf6 22. Bc7 Rxd1+ 23. Rxd1 Bd4 24. Bf4 Rc8 25. Bf3 e5 26. Bc1 e4 27. Be2 g5 28.
hxg5+ hxg5 29. Kg2 Bb7 30. Be3 Rd8 31. f4 gxf4 32. gxf4 Ke7 33. Kf2 Bxe3+ 34.
Kxe3 Rxd1 35. Bxd1 Bc6 36. a3 Be8 37. Bc2 Kf6 38. Bd1 Kg7 39. b4 Bf7 40. bxc5
bxc5 41. Bb3 Kh6 42. Kf2 Kh5 43. Kg3 Kh6 44. Kf2 Be8 45. Bd1 Kg6 46. Ke3 Kg7
47. Kf2 Kg6 48. Ke3 Kh6 49. Kf2 Bh5 50. Ba4 Bf7 51. Bb3 Kg7 52. Ke3 Kf6 53. Kf2
Ke7 54. Ke3 a5 55. Kf2 a4 56. Bxa4 Bxc4 57. Ke3 Ba2 58. Bb5 Be6 59. Bf1 Kd6 60.
Be2 Kd5 61. a4 c4 62. Kd2 Kd4 63. a5 Bc8 64. Bf1 Ba6 65. Kc2 e3 0-1

[Event "USCL Week 4"]
[Site "Internet Chess Club"]
[Date "2015.09.16"]
[Round "?"]
[White "Diulger, Alexey"]
[Black "Chirila, Cristian"]
[Result "0-1"]
[WhiteElo "2421"]
[BlackElo "2616"]
[PlyCount "70"]
[EventDate "2015.??.??"]

1. d4 Nf6 2. e3 g6 3. f4 Bg7 4. Nf3 c5 5. Bd3 O-O 6. O-O d6 7. c3 Nc6 8. Nbd2
e5 9. dxe5 dxe5 10. Ne4 exf4 11. exf4 Bf5 12. Nxf6+ Qxf6 13. Bxf5 Qxf5 14. Nh4
Qe4 15. Qe1 Qc4 16. Be3 Rfe8 17. Qf2 Nb4 18. cxb4 Rxe3 19. Nf3 Rae8 20. bxc5
Re2 21. Rae1 Bxb2 22. Kh1 Bf6 23. f5 Kg7 24. Qg1 Rxe1 25. Rxe1 Rxe1 26. Qxe1
Qxa2 27. fxg6 hxg6 28. Kg1 a5 29. Qe4 a4 30. Qxb7 a3 31. c6 Qe2 32. Qa7 a2 33.
c7 a1=Q+ 34. Qxa1 Bxa1 35. c8=N Bd4+ 0-1

[Event "USCL Week 4"]
[Site "Internet Chess Club"]
[Date "2015.09.16"]
[Round "?"]
[White "Liu, Elliott"]
[Black "Panchanatham, Vignesh"]
[Result "1-0"]
[WhiteElo "2329"]
[BlackElo "2386"]
[PlyCount "129"]
[EventDate "2015.??.??"]

1. d4 Nf6 2. Nf3 d5 3. c4 c6 4. Nc3 e6 5. e3 Nbd7 6. Bd3 dxc4 7. Bxc4 b5 8. Bd3
Bb7 9. e4 b4 10. Na4 c5 11. e5 Nd5 12. O-O cxd4 13. Re1 Be7 14. Nxd4 O-O 15.
Qg4 Re8 16. Bh6 Bf8 17. Bb5 a6 18. Bxd7 Qxd7 19. Nc5 f5 20. Nxd7 fxg4 21. Bd2
Kf7 22. Nxf8 Rxf8 23. Re4 h5 24. f3 gxf3 25. Nxf3 a5 26. Nd4 Ke7 27. Rh4 g6 28.
Nb5 Ba6 29. Nd6 Ra7 30. Bh6 Rb8 31. Rh3 Kd7 32. Rf3 Kc6 33. Rc1+ Kb6 34. Rf6
Rc7 35. Rxc7 Nxf6 36. Rc8 Bxc8 37. exf6 Bb7 38. f7 Bc6 39. Kf2 a4 40. f8=Q
Rxf8+ 41. Bxf8 a3 42. bxa3 bxa3 43. Nc4+ Kc7 44. Nxa3 Bd5 45. Nb5+ Kb6 46. Nc3
Bc4 47. Ke3 h4 48. Be7 h3 49. gxh3 Bf1 50. h4 Kc6 51. Kf4 Kd7 52. Bb4 Bd3 53.
Ke5 Bf5 54. Ne2 Bb1 55. a4 Bc2 56. a5 Kc7 57. Kxe6 Kb7 58. Kf6 Ka6 59. Nf4 Kb5
60. Nxg6 Kxb4 61. a6 Kb5 62. a7 Be4 63. h5 Kb6 64. h6 Kxa7 65. h7 1-0

[Event "USCL Week 4"]
[Site "Internet Chess Club"]
[Date "2015.09.16"]
[Round "?"]
[White "Kannappan, Priyadharshan"]
[Black "Kaufman, Ray"]
[Result "1-0"]
[WhiteElo "2567"]
[BlackElo "2333"]
[PlyCount "139"]
[EventDate "2015.??.??"]

1. Nf3 d5 2. e3 Nf6 3. d4 c5 4. b3 Nc6 5. Bb2 Bg4 6. Nbd2 cxd4 7. exd4 e6 8.
Bd3 Bd6 9. h3 Bh5 10. a3 Bf4 11. Qe2 Qc7 12. O-O-O Ne4 13. g4 Bg6 14. Kb1 Nxd2+
15. Nxd2 O-O-O 16. Nf3 Rhe8 17. Ne5 Bxd3 18. Nxd3 Bd6 19. Qe3 f6 20. f4 Kb8 21.
Rhe1 Qe7 22. Ka2 Qf7 23. Re2 h5 24. Rde1 Re7 25. Qf3 Rde8 26. gxh5 Rh8 27. Qg4
f5 28. Qg6 Nd8 29. Qxf7 Rxf7 30. c4 dxc4 31. bxc4 Rxh5 32. Re3 g5 33. Rg3 gxf4
34. Rg8 Rd7 35. Rxe6 Rxh3 36. Ne5 Bxe5 37. Rxe5 Kc7 38. d5 Nf7 39. Rxf5 Nh6 40.
Be5+ Kb6 41. Rf6+ Ka5 42. Rh8 Re7 43. Rhxh6 Rxh6 44. Bc3+ Ka4 45. Rxh6 Re2+ 46.
Bb2 f3 47. Rh7 a5 48. Rf7 f2 49. d6 Rd2 50. d7 Rxd7 51. Rxf2 Rc7 52. Rf4 Rc5
53. Re4 b6 54. Rg4 Rf5 55. c5+ Kb5 56. cxb6 Kxb6 57. Bc3 Rh5 58. a4 Rf5 59. Kb3
Rh5 60. Rg6+ Kb7 61. Kc4 Rf5 62. Bd4 Kc7 63. Bc5 Rh5 64. Kb5 Kb7 65. Rg7+ Ka8
66. Ka6 Rh6+ 67. Bb6 Rh8 68. Ra7+ Kb8 69. Bc7+ Kc8 70. Ra8+ 1-0

[Event "USCL Week 4"]
[Site "Internet Chess Club"]
[Date "2015.09.16"]
[Round "?"]
[White "Guadalupe II, Francisco"]
[Black "Djordjevic, Stevan"]
[Result "1/2-1/2"]
[WhiteElo "2365"]
[BlackElo "2366"]
[PlyCount "68"]
[EventDate "2015.??.??"]

1. e4 e5 2. Nf3 Nc6 3. Bb5 a6 4. Ba4 Nf6 5. O-O Be7 6. Re1 b5 7. Bb3 d6 8. c3
O-O 9. h3 Nb8 10. d4 Nbd7 11. Nbd2 Bb7 12. a4 c5 13. Qe2 c4 14. Bc2 Qc7 15. Nf1
Rfe8 16. Ng3 Bf8 17. Nh4 g6 18. f4 exd4 19. cxd4 Nxe4 20. Nxe4 Bxe4 21. Bxe4 d5
22. axb5 Rxe4 23. Qf2 Rxe1+ 24. Qxe1 Qb6 25. bxa6 Rxa6 26. Rxa6 Qxa6 27. f5 Qb6
28. fxg6 hxg6 29. Nf3 Bg7 30. Qe8+ Nf8 31. Kh1 Qe6 32. Qxe6 Nxe6 33. Be3 Nd8
34. Kg1 Nc6 1/2-1/2

[Event "USCL Week 4"]
[Site "Internet Chess Club"]
[Date "2015.09.16"]
[Round "?"]
[White "Wheeler, Cameron"]
[Black "Hernandez, Alberto"]
[Result "0-1"]
[WhiteElo "2425"]
[BlackElo "2321"]
[PlyCount "138"]
[EventDate "2015.??.??"]

1. d4 c5 2. d5 Nf6 3. Nc3 a6 4. e4 d6 5. a4 g6 6. Nf3 Bg4 7. Be2 Bxf3 8. Bxf3
Bg7 9. O-O Nbd7 10. Be2 O-O 11. a5 b5 12. axb6 Qxb6 13. Qd3 a5 14. Kh1 Rfb8 15.
f4 Ne8 16. Qh3 Qd8 17. Ra2 Rb4 18. Nb5 Nc7 19. Nxc7 Qxc7 20. c3 Rb7 21. Bg4 a4
22. Be3 a3 23. Rfa1 Nf8 24. bxa3 Bxc3 25. Rf1 Rb2 26. Raa1 Rc2 27. Rac1 Rxc1
28. Bxc1 Bf6 29. f5 Qa5 30. Qf3 Rb8 31. e5 dxe5 32. fxg6 hxg6 33. d6 Nh7 34.
dxe7 Qc7 35. Qd5 Qxe7 36. Be3 Rb5 37. Rc1 Bg5 38. Bxc5 Qc7 39. Qc4 Rb7 40. Rf1
Be3 41. Be6 Qxc5 42. Bxf7+ Kg7 43. Qe6 Rb6 44. Qd7 Qb5 45. Qd1 Rf6 46. Rxf6
Nxf6 47. Be6 e4 48. h4 Qc6 49. Bb3 Qc1 50. a4 Qxd1+ 51. Bxd1 Bf2 52. a5 Bxh4
53. a6 Bf2 54. g3 Ba7 55. Kg2 Kf7 56. Ba4 Ke6 57. Bc6 Ke5 58. Kf1 Kd4 59. Ke2
g5 60. Bb5 Nd5 61. Bc6 Nc3+ 62. Kf2 Kd3+ 63. Ke1 Bb8 64. g4 e3 65. Bf3 e2 66.
a7 Bxa7 67. Bd5 Ke3 68. Be4 Bb8 69. Bb1 Bg3# 0-1

[Event "USCL Week 4"]
[Site "Internet Chess Club"]
[Date "2015.09.16"]
[Round "?"]
[White "Costello, Alex"]
[Black "Adamson, Robby"]
[Result "0-1"]
[WhiteElo "2137"]
[BlackElo "2360"]
[PlyCount "120"]
[EventDate "2015.??.??"]

1. e4 c6 2. d4 d5 3. Nc3 dxe4 4. Nxe4 Nd7 5. Bd3 Ngf6 6. Ng5 e6 7. N1f3 Bd6 8.
Qe2 h6 9. Ne4 Nxe4 10. Qxe4 Qc7 11. Bd2 b6 12. c4 Bb7 13. Bc3 O-O-O 14. Qe2 c5
15. O-O-O cxd4 16. Nxd4 a6 17. Kb1 Ne5 18. f3 Nxd3 19. Qxd3 Bxh2 20. Qe2 Bf4
21. b3 Rhe8 22. Nc2 e5 23. Ne3 Kb8 24. Bb2 Ka7 25. Nd5 Bxd5 26. Rxd5 Rxd5 27.
cxd5 Rd8 28. Rd1 Qd6 29. Qc4 Rd7 30. Qa4 b5 31. Qa5 Qg6+ 32. Ka1 Qc2 33. Qe1 f6
34. g3 Bxg3 35. Qe3+ Kb7 36. Rc1 Bf4 37. Qxf4 Qxb2+ 38. Kxb2 exf4 39. Rd1 b4
40. Rd4 a5 41. Kc2 Kb6 42. Kd3 Kc5 43. Rxf4 Rxd5+ 44. Ke3 Re5+ 45. Kd3 Rd5+ 46.
Ke3 Kd6 47. Rg4 g5 48. Rg2 h5 49. f4 Ke6 50. Rh2 h4 51. fxg5 fxg5 52. Ke4 Re5+
53. Kf3 Kf5 54. Rg2 Rc5 55. Rf2 g4+ 56. Kg2+ Kg5 57. Rd2 h3+ 58. Kh2 Kh4 59.
Kg1 Rc1+ 60. Kf2 h2 0-1

[Event "USCL Week 4"]
[Site "Internet Chess Club"]
[Date "2015.09.16"]
[Round "?"]
[White "Kiewra, Keaton"]
[Black "Ginsburg, Mark"]
[Result "1-0"]
[WhiteElo "2518"]
[BlackElo "2404"]
[PlyCount "167"]
[EventDate "2015.??.??"]

1. d4 Nf6 2. Bg5 Ne4 3. Bf4 Nc6 4. f3 e5 5. dxe5 g5 6. Be3 Nc5 7. Nc3 Nxe5 8.
Bd4 d6 9. h4 Be6 10. e3 Qf6 11. Bxc5 dxc5 12. Ne4 Qg7 13. hxg5 Be7 14. Qd2 h6
15. Nf6+ Bxf6 16. gxf6 Qxf6 17. O-O-O Rd8 18. Qxd8+ Qxd8 19. Rxd8+ Kxd8 20. Ne2
Ke7 21. Nf4 b6 22. Be2 a5 23. a3 c6 24. Nxe6 fxe6 25. f4 Nf7 26. Bf3 Nd6 27.
Bxc6 Nf5 28. Rh3 Rg8 29. Kd2 c4 30. Bf3 c3+ 31. bxc3 Rd8+ 32. Ke2 Rc8 33. e4
Nd6 34. e5 Nb5 35. Rxh6 Rxc3 36. Rh7+ Kf8 37. a4 Nd4+ 38. Kd2 Ra3 39. Bd1 Rxa4
40. c3 Ra2+ 41. Kd3 Ra1 42. Kxd4 Rxd1+ 43. Ke4 a4 44. Ra7 b5 45. c4 bxc4 46.
Rxa4 c3 47. Rc4 Re1+ 48. Kf3 Rc1 49. Kg4 c2 50. Kg5 Ke7 51. Rc3 Kd7 52. g4 Ke7
53. Rc6 Kd7 54. Rd6+ Ke7 55. Rc6 Kd7 56. Rc5 Ke7 57. Rc4 Kd7 58. Kf6 Rf1 59.
Rxc2 Rxf4+ 60. Kg5 Re4 61. Rc5 Ke7 62. Kh5 Kf7 63. g5 Re1 64. g6+ Kg8 65. Rc8+
Kg7 66. Rc7+ Kg8 67. Kh6 Rh1+ 68. Kg5 Rf1 69. Rf7 Rg1+ 70. Kf6 Rg2 71. Ra7 Rf2+
72. Kxe6 Rg2 73. g7 Re2 74. Re7 Re1 75. Rd7 Re2 76. Kf6 Rf2+ 77. Ke7 Re2 78. e6
Re1 79. Rd8+ Kxg7 80. Rd2 Rg1 81. Kd7 Ra1 82. e7 Ra7+ 83. Ke6 Ra6+ 84. Rd6 1-0

[Event "USCL Week 5"]
[Site "Internet Chess Club"]
[Date "2015.09.22"]
[Round "?"]
[White "Wang, Steve"]
[Black "Wang, Qibiao"]
[Result "0-1"]
[WhiteElo "2233"]
[BlackElo "2426"]
[PlyCount "56"]
[EventDate "2015.??.??"]

1. Nf3 Nf6 2. c4 e6 3. e3 b6 4. b3 Bb7 5. Be2 d5 6. Bb2 Nbd7 7. cxd5 exd5 8.
O-O Bd6 9. d3 O-O 10. Nbd2 Re8 11. Re1 c5 12. Qc2 Rc8 13. Rac1 Ng4 14. Qb1 Qc7
15. Nf1 d4 16. Bxd4 Bxf3 17. gxf3 Nxh2 18. f4 Bxf4 19. exf4 Rxe2 20. Rxe2 Nf3+
21. Kg2 Nxd4 22. Re4 Qc6 23. f3 Nxf3 24. Kg3 f5 25. Re3 Nd4 26. Qb2 Nf6 27. Qg2
Nd5 28. Re5 Qg6+ 0-1

[Event "USCL Week 5"]
[Site "Internet Chess Club"]
[Date "2015.09.22"]
[Round "?"]
[White "Checa, Nicolas"]
[Black "Mu, Joshua"]
[Result "0-1"]
[WhiteElo "2436"]
[BlackElo "2252"]
[PlyCount "54"]
[EventDate "2015.??.??"]

1. Nf3 Nf6 2. c4 g6 3. Nc3 d5 4. cxd5 Nxd5 5. g3 Bg7 6. Bg2 O-O 7. h4 Nc6 8. h5
Bg4 9. hxg6 fxg6 10. Rh4 h5 11. Rxg4 hxg4 12. Ng5 Rf5 13. Bxd5+ Rxd5 14. Qb3
Bxc3 15. dxc3 Na5 16. Qc2 Qe8 17. Ne6 Re5 18. Ng5 Qc6 19. e4 Qf6 20. Qd2 Rf8
21. b3 Rxg5 22. Qxg5 Qxc3+ 23. Ke2 Qxa1 24. Qxg6+ Qg7 25. Qe6+ Kh7 26. Bf4 Nc6
27. Kf1 Qg6 0-1